000 00647nam a2200205 a 4500
005 20230130063537.0
008 010828s1999 r 000 0 eng d
020 _a8433014226
035 _aUPN01000118075
049 _aCG
050 4 _aBF575 A6
_bP4.28
100 1 _aPeurifoy, Reneau Z.
245 1 0 _aCómo vencer la ansiedad :
_bun programa revolucionario para eliminarla definitivamente /
_cReneau Z. Peurifoy ; tr. Jasone Aldekoa.
260 _aBilbao, Esp. :
_bDesclée de Brouwer,
_c1999.
300 _a183 p.
440 0 _aBiblioteca de psicología ;
_v100
650 7 _aAnsiedad
_2
_94750
650 2 _aAngustia
_91048
905 _aLibro
999 _c90466
_d90466